Educational technology and conceptual understanding
| Main Author: | |
|---|---|
| Format: | Book |
| Published: |
New Delhi :
Anmol Publications PVT. LTD. ,
2000
|
| Subjects: |
MARC
| LEADER | 00000cam a2200000 7i4500 | ||
|---|---|---|---|
| 001 | 0000018041 | ||
| 005 | 20080603.0 | ||
| 008 | 080603 | ||
| 020 | |a 8126106654 | ||
| 090 | 0 | 0 | |a 371.33 |b AGA |
| 100 | 0 | |a Agarwal , Rashmi | |
| 245 | 1 | 0 | |a Educational technology and conceptual understanding |c Rashmi Agarwal |
| 260 | |a New Delhi : |b Anmol Publications PVT. LTD. , |c 2000 | ||
| 650 | 0 | |a Educational technology |x study and teaching | |
| 999 | |a 0001019996 |b Book |c Adult Collection |e Perbadanan Perpustakaan Awam Johor | ||